Susceptibilidad de dos variedades de colza (Brassica napus) a herbicidas latifoliadas postemergentes /

Guardado en:
Autor Principal: Robledo, Luis Miguel.
Autor Corporativo: Universidad Nacional del Sur. Departamento de Agronomía.
Otros Autores: Sabbatini, Mario Ricardo, (tutor.)
Formato: Libro
Idioma:Spanish
Publicado: Bahía Blanca, 2009.
Etiquetas: Agregar Etiqueta
Sin Etiquetas, Sea el primero en etiquetar este registro!
LEADER 00743nam a22001695a 4500
001 EEA.libagro008258
005 20161102113625.0
008 130809s2009####ag#a##########000#0#spa#d
082 0 4 |a 633.853 
100 1 |a Robledo, Luis Miguel. 
245 1 0 |a Susceptibilidad de dos variedades de colza (Brassica napus) a herbicidas latifoliadas postemergentes /  |c Luis Miguel Robledo. 
260 |a Bahía Blanca,  |c 2009. 
300 |a 33 h. :  |b il. ;  |c 30 cm. 
502 |a Trabajo de intensificación (Ingeniero Agrónomo) -- Universidad Nacional del Sur. Departamento de Agronomía, 2009. 
700 1 |a Sabbatini, Mario Ricardo,  |e tutor. 
710 2 |a Universidad Nacional del Sur.  |b Departamento de Agronomía. 
859 |a AR-BbBCA  |b BIB. AGRONOMIA  |h 633.853  |i R666  |p 2009/5647